000 00325nam a22001337a 4500
020 _a9789381141373
082 _a621.815
_bRAO/DE
100 _aKrishna Rao,T
245 _aDesign of machine elements, Vol.I
250 _a2
260 _aNew Delhi
_bI.K International Publishing Pvt. Ltd
_c2011
300 _a436
942 _cBK
999 _c13622
_d13622